Minecraft Mobs by Update - Statistics

General Stats
  • This quiz has been taken 75 times
  • The average score is 13 of 30
Answer Stats
Update Answer % Correct
Classic 0.24 Survival Test Creeper | Pig | Skeleton | Zombie
95%
1.19 Allay | Frog | Tadpole | Warden
65%
Classic 0.28 Sheep
58%
1.13 Cod | Dolphin | Drowned | Phantom | Pufferfish | Salmon | Tropical Fish | Turtle
56%
Classic 0.26 Survival Test Spider
56%
1.20 Camel | Sniffer
53%
1.17 Axolotl | Glow Squid | Goat
51%
1.0.0 Blaze | Ender Dragon | Magma Cube | Mooshroom | Snow Golem | Villager
51%
1.14 Cat | Fox | Panda | Pillager | Ravager | Trader Llama | Wandering Trader
51%
1.16 Hoglin | Piglin | Strider | Zoglin
51%
Alpha 1.0.8 Cow
49%
1.21 Bogged | Breeze
47%
1.8 Elder Guardian | Endermite | Guardian | Rabbit
47%
1.16.2 Piglin Brute
47%
1.15 Bee
44%
Beta 1.8 Cave Spider | Enderman | Silverfish
44%
Alpha 1.0.14 Chicken
42%
1.10 Husk | Polar Bear | Stray
42%
1.2.1 Iron Golem | Ocelot
42%
1.20.5 Armadillo
40%
1.4.2 Bat | Witch | Wither | Wither Skeleton | Zombie Villager
37%
1.6.1 Donkey | Horse | Mule | Skeleton Horse | Zombie Horse
35%
1.9 Shulker
33%
1.11 Evoker | Llama | Vex | Vindicator
30%
Beta 1.4 Wolf
30%
Alpha 1.2.0 Ghast | Zombified Piglin
28%
1.12 Illusioner | Parrot
26%
Alpha 1.0.11 Slime
21%
Beta 1.2 Squid
21%
Indev 0.31 Giant
14%
No matching quizzes found
Score Distribution
Percent of People with Each Score
Percentile by Number Answered
Your Score History
You have not taken this quiz